Un adiós para mamá / (Registro nro. 7878)

Detalles MARC
000 -LIDER
fixed length control field 00892nam a2200277 a 4500
001 - NÚMERO DE CONTROL
Identificador de número de control 000045723
003 - IDENTIFICACDOR DE NÚMERO DE CONTROL
control field DO-SdBNP
005 - DATE AND TIME OF LATEST TRANSACTION
control field 20180326141654.0
007 - CAMPOS FIJOS DE DESCRIPCIÓN FÍSICA
fixed length control field 000045723
008 - ELEMENTOS DE LONGITUD FIJA
fixed length control field 150507s2014 dr a 000 0 spa d
020 ## - ISBN
International Standard Book Number 9789945175035
040 ## - FUENTE DE CATALOGACIÓN
Agencia que crea de manera original el registro BPMET
Idioma de catalogación spa
Agencia que realiza la transcripción BPMET
092 ## - LOCALLY ASSIGNED DEWEY DECIMAL CALL NUMBER
Número de clasificación xxxx
Número de ítem (Cutter) xxxx
100 1# - ASIENTO PRINCIPAL -- NOMBRE PERSONAL
Nombre personal Halolal, Farah,
Fechas asociadas con el nombre 1975-
245 13 - MENCIÓN DE TITULO
Título Un adiós para mamá /
Mención de responsabilidad Fara Hallal ; ilustraciones de Monserrat Ubach.
260 ## - PUBLICACIÓN, DISTRIBUCIÓN, ETC. (PIE DE IMPRENTA)
Lugar de publicación, distribución, etc Santo Domingo :
Nombre del editor, distribuidor, etc. Ediciones SM,
Fecha de publicación, distribución, etc 2014.
300 ## - DESCRIPCIÓN FÍSICA
Extensión 158 p. :
Otros detalles físicos il. ;
Dimensiones 19 cm.
490 1# - MENCIÓN DE SERIES
Mención de serie El barco de vapor
Volume/sequential designation 16
500 ## - NOTA GENERAL
Nota general Incluye datos biográficos de la autora en la solapa de la contracubierta.
586 ## - AWARDS NOTE
Awards note Premio El Barco de Vapor 2014
700 12 - ASIENTO SECUNDARIO -- NOMBRE PERSONAL
Nombre personal Ubach, Monserrat,
Mención de responsabilidad il.
830 #0 - ASIENTO SECUNDARIO DE SERIE--TÍTULO UNIFORME
Título uniforme El barco de vapor ;
Número de la parte o sección de una obra 16
942 ## - ADDED ENTRY ELEMENTS (KOHA)
Source of classification or shelving scheme Dewey Decimal Classification
Koha item type Libros
945 ## - INFORMACIÓN DE PROCESAMIENTO LOCAL
Información de procesamiento local Remanejado para la BNPHU / 2018 VM
956 ## - LOCAL ELECTRONIC LOCATION AND ACCESS (OCLC)
Nombre de host VMATEO
Número de acceso 10
Información de compresión 20150515
Inicio de sesión BPMSU
Procesador de solicitud 00151
Existencias
Withdrawn status Lost status Source of classification or shelving scheme Damaged status Not for loan Home library Current library Date acquired Total Checkouts Barcode Date last seen Price effective from Koha item type
    Dewey Decimal Classification     Biblioteca Pública Metropolitana Salomé Ureña Biblioteca Pública Metropolitana Salomé Ureña 05/15/2015   BPMET15051719 05/15/2015 05/15/2015 Libros